| Tag |
First Indicator |
Second Indicator |
Subfields |
| LEADER |
00000cam a22000001a 4500 |
| 001 |
in00003238024 |
| 005 |
20190403193418.0 |
| 006 |
m o d |
| 007 |
cr un mmmapmmp |
| 008 |
080526s1961 dcud o f000 0 eng d |
| 035 |
|
|
|a cis2004266311
|
| 040 |
|
|
|a UMI
|c UMI
|d UtOrBLW
|
| 043 |
|
|
|a n-us---
|
| 099 |
|
|
|a ProQuest Serial Set Number 12363 H.doc.211
|
| 110 |
1 |
|
|a United States.
|b Congress.
|b House.
|b Committee on Appropriations.
|
| 245 |
1 |
0 |
|a Amendments involving increases in the Department of Defense military construction budget. Communication from the President of the United States transmitting amendments to the Department of Defense military construction budget for the fiscal year 1962, involving increases in the amount of $9,568,000.
|
| 246 |
1 |
|
|a Amendments involving increases in Department of Defense military construction budget
|
| 264 |
|
1 |
|a Washington :
|b [publisher not identified],
|c 1961.
|
| 300 |
|
|
|a 1 online resource.
|
| 336 |
|
|
|a text
|b txt
|2 rdacontent
|
| 337 |
|
|
|a computer
|b c
|2 rdamedia
|
| 338 |
|
|
|a online resource
|b cr
|2 rdacarrier
|
| 490 |
0 |
|
|a H.doc.211
|
| 500 |
|
|
|a Record is based on bibliographic data in ProQuest U.S. Serial Set Digital Collection (last viewed May 2008). Reuse except for individual research requires license from ProQuest, LLC.
|
| 510 |
3 |
|
|a ProQuest U.S. Serial Set Digital Collection
|
| 500 |
|
|
|a Electronic resource.
|
| 650 |
|
0 |
|a Budget
|z United States.
|
| 650 |
|
0 |
|a Armed Forces
|x Appropriations and expenditures.
|
| 650 |
|
0 |
|a Military bases.
|
| 655 |
|
7 |
|a Electronic books.
|2 local
|
| 710 |
2 |
|
|a ProQuest (Firm)
|
| 830 |
|
0 |
|a United States congressional serial set.
|
| 856 |
4 |
0 |
|u http://proxy.library.tamu.edu/login?url=http://congressional.proquest.com/congcomp/getdoc?SERIAL-SET-ID=12363+H.doc.211
|z Connect to the full text of this electronic book
|t 0
|
| 999 |
|
|
|a MARS
|
| 999 |
f |
f |
|s 33186bc8-9146-3a42-9693-f75c05c98670
|i 0d6031a5-cbb3-3650-a049-ac45a43e57a2
|t 0
|
| 952 |
f |
f |
|a Texas A&M University
|b College Station
|c Electronic Resources
|d Available Online
|t 0
|e ProQuest Serial Set Number 12363 H.doc.211
|h Other scheme
|
| 998 |
f |
f |
|a ProQuest Serial Set Number 12363 H.doc.211
|t 0
|l Available Online
|